000 00675na a2200241 4500
001 24374
003 MIRAKIL
005 20181226104237.0
008 180928b tu 000 0
020 _a9789750517402
041 _atur
082 _a813.42
_bE65d 2015
090 _a813.42 E65d 2015
100 _aEriş, Mahir Ünsal
245 _aDünya bu kadar
_cMahir Ünsal Eriş
260 _aİstanbul
_bİletişim Yayınları
_c2015
_fsena ofset
300 _a195 s.
_c20 sm.
440 _aİletişim yayınları
_v2140
490 _aÇağdaş Türkçe edebiyat
_v345
650 _aTürk edebiyatı
_xRoman
942 _2ddc
_cBKS
040 _aMilas
_btur
_cTR-AnCHP
999 _c11911
_d11911